00325nam a2200121Ia 4500008004100000041000800041082001400049100001800063245004500081260003700126300003100163365000900194240624s9999 xx 000 0 und d aeng a658.8 SOR aSORENSEN HERB aINSIDE THE MIND OF THE SHOPPER THE SCIEN c2009aNew JerseybWharton School axix, : 227 : p. : cm. ; 23 cb30